Statistiques concernant Mots de la langue française terminés par "cure"ou "çure"

Cliquez ici pour prendre le quiz!

Statistiques générales

  • Ce quiz a été pris 137 fois
  • Le résultat moyen est 7 sur 14

Statistiques - réponses

IndiceMot% Correct
planètemercure
95%
soins des piedspédicure
95%
traitementcure
92%
soins des mainsmanucure
90%
sombreobscure
71%
philosophe grecEpicure
68%
travail tranquille bien rémunérésinécure
62%
fentegerçure
49%
courburearcure
23%
gommageeffaçure
7%
serrementpinçure
4%
enduit vitrifiantglaçure
3%
creuxenfonçure
0%
assemblage d'un tenon et d'une mortaise avec une cheville.enlaçure
0%

Distribution des résultats

Percentile par nombre de réponses

% des personnes avec chaque résultat

Votre développement - résultats

Vous n’avez pas pris ce quiz